1875 1067 1982 1422 1057 1409 1189 1133 1223 1275 1524 1038 1178 1276 1751 1076 1854 1032 1152 1285 1096 1102 1092 1565 1978 1882 1271 1393 1159 1222 1751 1535 1442 1439 1022 1804 1419 1404 1142 1828 1809 1621 1630 1529 1685 1699 1051 1038 1801 1088 1201 1942 1799 1131 1315 1060 1669 1203 1696 1086 1485 1815 1018 1029 1330 1641 1009 1151 1929 1749 1242 1367 1489 1209 1302 1565 1081 1322 1233 1919 1469 1095 1142 1286 1530 1314 1843 1684 1251 1517 1188 1340 1462 1369 1014 1258 1847 1961 1600 BCNSPRNW ULIB Ver.6.0+V

เปลี่ยนเป็นภาษาไทย

Change to English
 แสดงรายละเอียดบรรณานุกรม
  กลับหน้าหลัก

Brief Record : Get Marc (ISO 2709) : E-mail record : QR code < ปิดหน้าต่าง
LEADER : 00000nam 2200000uu 4500
001    13399107708
003     ULIB
008    110124s2553||||th 000 0 tha d
020    9786165511889
060 04 WS100^bน313O 2553
245 00 Current issues in pediatrics /cบรรณาธิการ, นวลจันทร์ปราบพาล ... [และคนอื่นๆ]
246 14 การอบรมระยะสั้น กุมารเวชศาสตร์ 2553
250    พิมพ์ครั้งที่ 1
260    กรุงเทพฯ :^bภาควิชากุมารเวชศาสตร์ คณะแพทยศาสตร์จุฬาลงกรณ์มหาวิทยาลัย,^c2553
300    ix, 378 หน้า :^bภาพประกอบ ;^c27 ซม.
650  7 กุมารเวชศาสตร์
700 0  นวลจันทร์ ปราบพาล,^eบรรณาธิการ
710 2  จุฬาลงกรณ์มหาวิทยาลัย. ^bคณะแพทยศาสตร์.^bภาควิชากุมารเวชศาสตร์
945    ^p350^l0^i026268
945    ^p350^l0^i026267
945    ^p350^l0^i026266
995    เกษร
999 ^a ใช้งานได้ทุกระบบ
รายการนี้ยังไม่มีแท็ก
คุณยังไม่ได้ล็อกอิน คุณสามารถมีกิจกรรมร่วมกับเว็บไซต์ได้ แต่ต้องล็อกอินก่อน ::
  ล็อกอิน

รายการสื่อสารสนเทศ

ลำดับที่ ประเภท เลขเรียก/บาร์โค้ด สถานที่ สถานะ
- ไม่พบข้อมูล -

รายการใกล้เคียง
    หัวเรื่อง [กุมารเวชศาสตร์]

BibComment


ยังไม่เคยถูกคอมเมนท์

คอมเมนท์ทรัพยากรรายการนี้
  คอมเมนท์: Current issues in..


 Copyright 2026. Bcnsprnw @Library